[Event "Vaxjo op"]
[Site "Vaxjo"]
[Date "2024.02.09"]
[Round "2"]
[White "Johansson, Linus"]
[Black "Willstedt, Lukas"]
[Result "1-0"]
[WhiteElo "2434"]
[BlackElo "1982"]
[PlyCount "67"]
[EventDate "2024.02.09"]
[EventType "swiss"]
[EventRounds "8"]
[EventCountry "SWE"]
[SourceTitle "CB07_2024"]
[SourceDate "2024.02.14"]
[SourceVersion "1"]
[SourceVersionDate "2024.02.14"]
[SourceQuality "1"]

1. d4 e6 2. e4 d5 3. e5 c5 4. c3 Nc6 5. Nf3 Qb6 6. Be2 cxd4 7. cxd4 Nh6 8. Bxh6 Qxb2 9. Nbd2 gxh6 10. 0-0 Nxd4 11. Rb1 Nxe2+ 12. Qxe2 Qc2 13. Nd4 Qa4 14. Nb5 Rb8 15. Qf3 Be7 16. Rfc1 Bd7 17. Nd6+ Bxd6 18. Qf6 Bxe5 19. Qxe5 Ke7 20. Nf3 Qe4 21. Qc3 Rhc8 22. Qa3+ Ke8 23. Re1 Qf5 24. Qxa7 Bc6 25. Qd4 f6 26. Qh4 e5 27. Qxh6 Kf7 28. Nh4 Qc2 29. Rbc1 Qd3 30. Re3 Qd2 31. Qxh7+ Ke6 32. Qf5+ Kf7 33. Rce1 Bd7 34. Qxd7+ 1-0